000 00359nam a2200145Ia 4500
008 191201s2009 xx 000 0 und d
082 _a658.821
_bKRI
100 _aKRISHNAMOORTHY, R
245 0 _aIntroduction to Rural Marketing
250 _a2nd
260 _aN.Delhi
_bHimalaya Publication House
_c2009
300 _a338
650 _aMBA
942 _2ddc
_cBK
999 _c4269
_d4269